000 00436nam a22001697a 4500
003 OSt
005 20260416062728.0
008 260416b |||||||| |||| 00| 0 eng d
020 _a978-0-440-29691-1
040 _aDWCL-Main Lib
_cOC
082 _aFic. K56r 2008
100 _aKinsella, Sophie
245 _aRemember me? : a novel
260 _aNew York :
_bBantam Dell,
_cc2008.
300 _a430 p. ;
_c17 cm.
942 _2ddc
_cFIC.
_n0
999 _c9504
_d9504